[Event "Wroclaw"]
[Site "?"]
[Date "2020.08.27"]
[Round "2.11"]
[White "Golenia, Jan"]
[Black "Michalowski, Patryk"]
[Result "1-0"]
[BlackElo "1641"]
[WhiteElo "1956"]
[LiveChessVersion "1.4.8"]

1. c4 {[%clk 0:03:02]} e5 {[%clk 0:03:03]} 2. Nc3 {[%clk 0:03:03]} Nf6
{[%clk 0:03:03]} 3. g3 {[%clk 0:03:04]} d5 {[%clk 0:03:04]} 4. cxd5
{[%clk 0:03:05]} Nxd5 {[%clk 0:03:05]} 5. Bg2 {[%clk 0:03:07]} Nb6
{[%clk 0:03:06]} 6. e3 {[%clk 0:03:08]} Nc6 {[%clk 0:03:05]} 7. Nge2
{[%clk 0:03:09]} Be6 {[%clk 0:03:03]} 8. O-O {[%clk 0:03:09]} Be7
{[%clk 0:03:04]} 9. f4 {[%clk 0:03:11]} exf4 {[%clk 0:02:34]} 10. Nxf4
{[%clk 0:03:12]} Bc4 {[%clk 0:02:28]} 11. d3 {[%clk 0:02:59]} Ba6
{[%clk 0:02:27]} 12. Rf2 {[%clk 0:02:09]} O-O {[%clk 0:02:21]} 13. d4
{[%clk 0:02:10]} Bg5 {[%clk 0:01:52]} 14. Qg4 {[%clk 0:01:55]} f5 15. Qf3
{[%clk 0:01:54]} Bxf4 {[%clk 0:01:17]} 16. Qxf4 {[%clk 0:01:54]} Qe7
{[%clk 0:01:05]} 17. b3 {[%clk 0:01:51]} Rae8 {[%clk 0:01:04]} 18. a4
{[%clk 0:01:44]} Nb4 {[%clk 0:01:02]} 19. Ba3 {[%clk 0:01:31]} Rf7
{[%clk 0:00:43]} 20. a5 {[%clk 0:01:30]} Nc8 {[%clk 0:00:40]} 21. Re1
{[%clk 0:01:07]} Nd3 {[%clk 0:00:40]} 22. Bxe7 {[%clk 0:01:07]} Nxf4
{[%clk 0:00:40]} 23. exf4 {[%clk 0:00:53]} Rfxe7 {[%clk 0:00:40]} 24. Rxe7
{[%clk 0:00:51]} Rxe7 {[%clk 0:00:42]} 25. Bd5+ {[%clk 0:00:52]} Kf8
{[%clk 0:00:40]} 26. Na4 {[%clk 0:00:35]} c6 {[%clk 0:00:38]} 27. Bf3
{[%clk 0:00:33]} Nd6 {[%clk 0:00:38]} 28. Nc5 {[%clk 0:00:34]} Bb5
{[%clk 0:00:31]} 29. d5 {[%clk 0:00:34]} Ne4 {[%clk 0:00:20]} 30. Bxe4
{[%clk 0:00:19]} fxe4 {[%clk 0:00:21]} 31. d6 {[%clk 0:00:21]} Rf7
{[%clk 0:00:11]} 32. Nxe4 {[%clk 0:00:20]} Ke8 {[%clk 0:00:09]} 33. Rd2
{[%clk 0:00:19]} b6 {[%clk 0:00:09]} 34. axb6 {[%clk 0:00:16]} axb6
{[%clk 0:00:10]} 35. Ra2 {[%clk 0:00:17]} Rb7 {[%clk 0:00:08]} 36. Ra8+
{[%clk 0:00:16]} Kf7 {[%clk 0:00:09]} 37. Ng5+ {[%clk 0:00:13]} Kg6
{[%clk 0:00:08]} 38. Ne6 {[%clk 0:00:11]} Kf6 {[%clk 0:00:08]} 39. Nd4
{[%clk 0:00:08]} Rd7 {[%clk 0:00:09]} 40. Nxb5 {[%clk 0:00:05]} cxb5
{[%clk 0:00:10]} 41. Rf8+ {[%clk 0:00:05]} Kg6 {[%clk 0:00:10]} 42. Rb8
{[%clk 0:00:06]} Rxd6 {[%clk 0:00:11]} 43. Kg2 {[%clk 0:00:07]} Kf6
{[%clk 0:00:11]} 44. Kh3 {[%clk 0:00:08]} g6 {[%clk 0:00:10]} 45. Rb7
{[%clk 0:00:09]} h6 {[%clk 0:00:11]} 46. Kg4 {[%clk 0:00:10]} Re6
{[%clk 0:00:10]} 47. b4 {[%clk 0:00:11]} Rd6 {[%clk 0:00:11]} 48. Rb8
{[%clk 0:00:12]} Rc6 {[%clk 0:00:11]} 49. Rf8+ {[%clk 0:00:13]} Kg7
{[%clk 0:00:11]} 50. Rb8 {[%clk 0:00:13]} Kf6 {[%clk 0:00:12]} 51. Kf3
{[%clk 0:00:12]} Re6 {[%clk 0:00:13]} 52. g4 {[%clk 0:00:12]} Rc6
{[%clk 0:00:13]} 53. h4 {[%clk 0:00:13]} Rc3+ {[%clk 0:00:14]} 54. Ke4
{[%clk 0:00:14]} Rc4+ {[%clk 0:00:15]} 55. Ke3 {[%clk 0:00:15]} Rxb4
{[%clk 0:00:15]} 56. Rxb6+ {[%clk 0:00:07]} 1-0

[Event "Wroclaw"]
[Site "?"]
[Date "2020.08.27"]
[Round "3.1"]
[White "Teclaf, Pawel"]
[Black "Golenia, Wojciech"]
[Result "1-0"]
[BlackElo "1981"]
[WhiteElo "2383"]
[LiveChessVersion "1.4.8"]

1. Nf3 {[%clk 0:03:03]} Nf6 {[%clk 0:03:00]} 2. b3 {[%clk 0:03:04]} b6
{[%clk 0:02:56]} 3. g3 {[%clk 0:03:04]} Bb7 {[%clk 0:02:57]} 4. Bg2
{[%clk 0:03:05]} e6 {[%clk 0:02:54]} 5. Bb2 {[%clk 0:03:06]} Be7 {[%clk 0:02:55]}
6. O-O {[%clk 0:03:06]} d6 {[%clk 0:02:50]} 7. d4 {[%clk 0:03:06]} Nbd7
{[%clk 0:02:50]} 8. c4 {[%clk 0:03:05]} Ne4 9. Nfd2 {[%clk 0:02:56]} d5
{[%clk 0:02:26]} 10. Nxe4 {[%clk 0:02:51]} dxe4 {[%clk 0:02:27]} 11. Nc3
{[%clk 0:02:46]} f5 {[%clk 0:02:24]} 12. d5 {[%clk 0:02:42]} e5 {[%clk 0:02:22]}
13. g4 {[%clk 0:02:33]} g6 {[%clk 0:02:19]} 14. gxf5 {[%clk 0:02:34]} gxf5
{[%clk 0:02:15]} 15. e3 {[%clk 0:02:35]} Nf6 {[%clk 0:02:01]} 16. f3
{[%clk 0:02:33]} Bc5 {[%clk 0:01:59]} 17. Qe2 {[%clk 0:02:24]} f4
{[%clk 0:01:48]} 18. Nxe4 {[%clk 0:02:24]} Bxe3+ 19. Kh1 {[%clk 0:02:26]} Qe7
{[%clk 0:01:39]} 20. Bh3 {[%clk 0:02:25]} Bc8 {[%clk 0:01:35]} 21. Qg2
{[%clk 0:02:17]} Nxe4 {[%clk 0:01:01]} 22. fxe4 {[%clk 0:02:17]} Bd7
{[%clk 0:00:53]} 23. Bxd7+ {[%clk 0:02:15]} Kxd7 {[%clk 0:00:53]} 24. Qg4+
{[%clk 0:02:04]} Kd6 25. Ba3+ {[%clk 0:02:01]} Bc5 {[%clk 0:00:54]} 26. b4
{[%clk 0:02:02]} Bd4 {[%clk 0:00:33]} 27. c5+ {[%clk 0:02:03]} bxc5
{[%clk 0:00:31]} 28. bxc5+ {[%clk 0:02:04]} Bxc5 {[%clk 0:00:32]} 29. Rac1
{[%clk 0:02:06]} Bxa3 {[%clk 0:00:06]} 30. Rc6# {[%clk 0:02:04]} 1-0

[Event "Wroclaw"]
[Site "?"]
[Date "2020.08.27"]
[Round "3.2"]
[White "Galuszka, Tomasz"]
[Black "Mis, Mieszko"]
[Result "0-1"]
[BlackElo "2370"]
[WhiteElo "1943"]
[LiveChessVersion "1.4.8"]

1. e4 {[%clk 0:03:02]} g6 {[%clk 0:03:04]} 2. d4 {[%clk 0:03:03]} Bg7
{[%clk 0:03:05]} 3. Nc3 {[%clk 0:03:04]} a6 {[%clk 0:03:04]} 4. a4
{[%clk 0:03:05]} d6 {[%clk 0:03:04]} 5. g3 {[%clk 0:03:06]} Nc6 {[%clk 0:02:51]}
6. Be3 {[%clk 0:02:40]} Nf6 {[%clk 0:02:49]} 7. h3 {[%clk 0:02:40]} O-O
{[%clk 0:02:47]} 8. Bg2 {[%clk 0:02:40]} e5 {[%clk 0:02:39]} 9. Nge2
{[%clk 0:02:33]} exd4 {[%clk 0:02:38]} 10. Nxd4 {[%clk 0:02:32]} Re8
{[%clk 0:02:39]} 11. O-O {[%clk 0:02:26]} Bd7 {[%clk 0:02:24]} 12. Qd2
{[%clk 0:02:19]} Qc8 {[%clk 0:02:17]} 13. Kh2 {[%clk 0:02:18]} Ne5
{[%clk 0:02:13]} 14. b3 {[%clk 0:02:16]} h5 {[%clk 0:01:47]} 15. f4
{[%clk 0:02:06]} Nc6 {[%clk 0:01:47]} 16. Nxc6 {[%clk 0:01:44]} Bxc6
{[%clk 0:01:46]} 17. Bd4 {[%clk 0:01:14]} Bxe4 {[%clk 0:01:15]} 18. Nxe4
{[%clk 0:01:03]} Nxe4 {[%clk 0:01:16]} 19. Bxe4 {[%clk 0:01:04]} Rxe4
{[%clk 0:01:11]} 20. Bxg7 {[%clk 0:01:04]} Kxg7 {[%clk 0:01:07]} 21. f5
{[%clk 0:01:05]} Qe8 {[%clk 0:00:53]} 22. Rf2 {[%clk 0:00:50]} h4
{[%clk 0:00:49]} 23. Rg1 {[%clk 0:00:40]} Qe5 {[%clk 0:00:43]} 24. f6+
{[%clk 0:00:34]} Kh7 {[%clk 0:00:40]} 25. Qd1 {[%clk 0:00:09]} Re3
{[%clk 0:00:35]} 26. Qg4 {[%clk 0:00:09]} hxg3+ {[%clk 0:00:17]} 27. Rxg3
{[%clk 0:00:11]} Qxg3+ {[%clk 0:00:05]} 28. Qxg3 {[%clk 0:00:12]} Rxg3
{[%clk 0:00:06]} 29. Kxg3 {[%clk 0:00:13]} Re8 {[%clk 0:00:08]} 30. Kg4
{[%clk 0:00:07]} Re4+ {[%clk 0:00:08]} 31. Kg5 {[%clk 0:00:06]} Re5+
{[%clk 0:00:08]} 32. Kg4 {[%clk 0:00:07]} d5 {[%clk 0:00:04]} 33. h4
{[%clk 0:00:08]} Kh6 {[%clk 0:00:05]} 34. Rd2 {[%clk 0:00:00]} c6
{[%clk 0:03:02]} 0-1

[Event "Wroclaw"]
[Site "?"]
[Date "2020.08.27"]
[Round "3.3"]
[White "Kozak, Antoni"]
[Black "Golenia, Jan"]
[Result "1-0"]
[BlackElo "1956"]
[WhiteElo "2320"]
[LiveChessVersion "1.4.8"]

1. d4 {[%clk 0:03:03]} e6 {[%clk 0:03:04]} 2. g3 {[%clk 0:03:04]} Nf6
{[%clk 0:03:03]} 3. Bg2 {[%clk 0:03:00]} Be7 {[%clk 0:03:04]} 4. Nf3
{[%clk 0:02:59]} O-O {[%clk 0:03:04]} 5. O-O {[%clk 0:02:59]} d5 {[%clk 0:03:04]}
6. b3 {[%clk 0:02:55]} c5 {[%clk 0:03:01]} 7. Bb2 {[%clk 0:02:49]} Nc6
{[%clk 0:02:59]} 8. Nbd2 {[%clk 0:02:43]} b6 {[%clk 0:02:57]} 9. c4
{[%clk 0:02:42]} Bb7 {[%clk 0:02:54]} 10. cxd5 {[%clk 0:02:43]} exd5
{[%clk 0:02:46]} 11. e3 {[%clk 0:02:41]} Nb4 {[%clk 0:02:27]} 12. dxc5
{[%clk 0:02:36]} Ba6 {[%clk 0:02:18]} 13. cxb6 {[%clk 0:02:12]} Bxf1
{[%clk 0:02:19]} 14. b7 {[%clk 0:02:05]} Rb8 {[%clk 0:02:12]} 15. Nxf1
{[%clk 0:01:54]} Rxb7 {[%clk 0:02:12]} 16. Nd4 {[%clk 0:01:52]} Qd7
{[%clk 0:01:50]} 17. Nd2 {[%clk 0:01:34]} Nd3 {[%clk 0:01:43]} 18. Bc3
{[%clk 0:01:24]} Rc8 {[%clk 0:01:44]} 19. Nb1 {[%clk 0:01:07]} Nc5
{[%clk 0:01:36]} 20. Bb2 {[%clk 0:01:06]} Nce4 {[%clk 0:01:35]} 21. Nd2
{[%clk 0:00:56]} Rbc7 {[%clk 0:01:25]} 22. h3 {[%clk 0:00:53]} Bc5
{[%clk 0:01:20]} 23. N2f3 {[%clk 0:00:54]} Bd6 {[%clk 0:01:09]} 24. Bf1
{[%clk 0:00:46]} Nc3 {[%clk 0:00:54]} 25. Qe1 {[%clk 0:00:41]} Nfe4
{[%clk 0:00:39]} 26. Kg2 {[%clk 0:00:42]} Rb8 {[%clk 0:00:29]} 27. Bd3
{[%clk 0:00:39]} Qc8 {[%clk 0:00:28]} 28. Nh4 {[%clk 0:00:32]} Na4
{[%clk 0:00:24]} 29. Bc1 {[%clk 0:00:23]} Be5 {[%clk 0:00:21]} 30. bxa4
{[%clk 0:00:20]} Rc3 {[%clk 0:00:10]} 31. Nhf5 {[%clk 0:00:14]} Bf6
{[%clk 0:00:10]} 32. Bxe4 {[%clk 0:00:12]} dxe4 {[%clk 0:00:11]} 33. Nd6
{[%clk 0:00:12]} Qc7 {[%clk 0:00:06]} 34. Nxe4 {[%clk 0:00:12]} Qb7
{[%clk 0:00:05]} 35. Qxc3 {[%clk 0:00:12]} Re8 {[%clk 0:00:00]} 36. Qc6
{[%clk 0:00:09]} 1-0

[Event "Wroclaw"]
[Site "?"]
[Date "2020.08.27"]
[Round "3.4"]
[White "Szpar, Milosz"]
[Black "Zerebiec, Maurycy"]
[Result "1-0"]
[BlackElo "1920"]
[WhiteElo "2275"]
[LiveChessVersion "1.4.8"]

1. e4 e6 2. d4 d5 3. Nd2 Be7 4. Ngf3 Nf6 5. Bd3 c5 6. exd5 exd5 7. dxc5 Bxc5 8.
O-O O-O 9. h3 Nc6 10. Nb3 Bb6 11. Bf4 Re8 12. c3 Ne4 13. Nfd4 Qf6 14. Be3 Qh4 15.
Nf3 Qd8 16. Bxb6 Qxb6 17. Qc2 Bf5 18. Nfd4 Bg6 19. Rae1 Rac8 20. Nxc6 bxc6 21. c4
dxc4 22. Qxc4 Nxf2 23. Rxe8+ Rxe8 24. Rxf2 Bf5 25. Qxf7+ Bxd3 1-0

[Event "Wroclaw"]
[Site "?"]
[Date "2020.08.27"]
[Round "3.5"]
[White "Radecki, Adam"]
[Black "Godzwon, Iwo"]
[Result "0-1"]
[BlackElo "2193"]
[WhiteElo "1908"]
[LiveChessVersion "1.4.8"]

1. e4 {[%clk 0:03:03]} c5 {[%clk 0:03:04]} 2. d3 {[%clk 0:03:03]} Nc6
{[%clk 0:03:04]} 3. Nf3 {[%clk 0:03:04]} g6 {[%clk 0:03:05]} 4. Nbd2
{[%clk 0:03:05]} Bg7 {[%clk 0:03:07]} 5. g3 {[%clk 0:03:07]} e5 {[%clk 0:03:08]}
6. Bg2 {[%clk 0:03:08]} Nge7 {[%clk 0:03:10]} 7. O-O {[%clk 0:03:08]} O-O
{[%clk 0:03:10]} 8. c3 {[%clk 0:03:09]} d6 {[%clk 0:03:10]} 9. Nc4
{[%clk 0:03:03]} h6 {[%clk 0:03:05]} 10. Ne1 {[%clk 0:02:58]} Be6
{[%clk 0:02:45]} 11. Ne3 {[%clk 0:02:51]} d5 {[%clk 0:02:40]} 12. exd5
{[%clk 0:02:37]} Nxd5 {[%clk 0:02:41]} 13. Qe2 {[%clk 0:02:32]} Qd7
{[%clk 0:02:38]} 14. f4 {[%clk 0:02:11]} exf4 {[%clk 0:02:35]} 15. Nxd5
{[%clk 0:02:11]} Bxd5 {[%clk 0:02:36]} 16. Bxf4 {[%clk 0:02:08]} Rae8
{[%clk 0:02:36]} 17. Qd2 {[%clk 0:02:01]} Kh7 {[%clk 0:02:22]} 18. Bxd5
{[%clk 0:01:41]} Qxd5 {[%clk 0:02:23]} 19. Ng2 Ne5 {[%clk 0:02:22]} 20. Bxe5
{[%clk 0:01:37]} Qxe5 {[%clk 0:02:11]} 21. Rae1 {[%clk 0:01:35]} Qd5
{[%clk 0:02:13]} 22. a3 {[%clk 0:01:32]} f5 {[%clk 0:01:53]} 23. Nf4
{[%clk 0:01:32]} Qd6 {[%clk 0:01:54]} 24. Rf3 {[%clk 0:01:06]} Re5
{[%clk 0:01:23]} 25. Rfe3 {[%clk 0:01:05]} Rfe8 {[%clk 0:01:24]} 26. Rxe5
{[%clk 0:01:06]} Rxe5 {[%clk 0:01:26]} 27. Rxe5 {[%clk 0:01:06]} Bxe5
{[%clk 0:01:27]} 28. Ne2 {[%clk 0:01:05]} g5 {[%clk 0:01:29]} 29. d4
{[%clk 0:01:06]} cxd4 {[%clk 0:01:24]} 30. cxd4 {[%clk 0:01:07]} Kg6
{[%clk 0:01:20]} 31. Qe3 {[%clk 0:01:05]} Bf6 {[%clk 0:01:20]} 32. g4
{[%clk 0:01:04]} Qd5 {[%clk 0:01:11]} 33. gxf5+ {[%clk 0:00:51]} Qxf5
{[%clk 0:01:12]} 34. Nc3 {[%clk 0:00:44]} Qg4+ {[%clk 0:01:12]} 35. Kf1
{[%clk 0:00:40]} Qxd4 {[%clk 0:01:12]} 36. Qe8+ {[%clk 0:00:35]} Kf5
{[%clk 0:01:13]} 37. Qc8+ {[%clk 0:00:35]} Kg6 {[%clk 0:01:04]} 38. Qxb7
{[%clk 0:00:36]} Qf4+ {[%clk 0:01:00]} 39. Ke2 {[%clk 0:00:32]} Qxh2+
{[%clk 0:01:00]} 40. Kd3 {[%clk 0:00:34]} Qd6+ {[%clk 0:00:55]} 41. Kc2
{[%clk 0:00:34]} Bxc3 {[%clk 0:00:17]} 42. Kxc3 {[%clk 0:00:31]} Qc5+
{[%clk 0:00:17]} 43. Kd2 {[%clk 0:00:30]} g4 {[%clk 0:00:18]} 44. Qe4+
{[%clk 0:00:30]} Kg5 {[%clk 0:00:20]} 45. b4 {[%clk 0:00:27]} Qf2+
{[%clk 0:00:20]} 46. Kd1 {[%clk 0:00:22]} g3 {[%clk 0:00:13]} 47. Qe5+
{[%clk 0:00:22]} Kg4 {[%clk 0:00:14]} 48. Qe6+ {[%clk 0:00:21]} Kf3
{[%clk 0:00:15]} 49. Qd5+ {[%clk 0:00:23]} Ke3 {[%clk 0:00:16]} 50. Qe5+
{[%clk 0:00:22]} Kd3 {[%clk 0:00:17]} 51. Qd5+ {[%clk 0:00:23]} Qd4
{[%clk 0:00:17]} 52. Qf3+ {[%clk 0:00:24]} Qe3 {[%clk 0:00:13]} 53. Qd5+
{[%clk 0:00:25]} Kc3 {[%clk 0:00:14]} 54. Qc6+ {[%clk 0:00:17]} Kb3
{[%clk 0:00:16]} 55. b5 Qg1+ {[%clk 0:00:12]} 56. Kd2 {[%clk 0:00:16]} Qf2+
{[%clk 0:00:13]} 57. Kd3 {[%clk 0:00:16]} g2 {[%clk 0:00:08]} 58. Qc3+
{[%clk 0:00:14]} Ka2 {[%clk 0:00:09]} 59. Qc4+ {[%clk 0:00:15]} Kb1
{[%clk 0:00:10]} 60. Qb3+ {[%clk 0:00:14]} Kc1 {[%clk 0:00:10]} 61. Qc3+
{[%clk 0:00:15]} Kb1 {[%clk 0:00:11]} 62. Qb3+ {[%clk 0:00:16]} Qb2
{[%clk 0:00:12]} 63. Qd1+ {[%clk 0:00:18]} Ka2 {[%clk 0:00:14]} 64. Ke3
{[%clk 0:00:12]} Qb3+ {[%clk 0:00:10]} 65. Qxb3+ {[%clk 0:00:13]} Kxb3
{[%clk 0:00:11]} 66. Kf2 {[%clk 0:00:15]} Kxa3 {[%clk 0:00:12]} 67. Kxg2
{[%clk 0:00:16]} Kb4 {[%clk 0:00:14]} 0-1

[Event "Wroclaw"]
[Site "?"]
[Date "2020.08.27"]
[Round "3.6"]
[White "Kokoszczynski, Jan"]
[Black "Dixa, Oskar"]
[Result "1-0"]
[BlackElo "1706"]
[WhiteElo "2163"]
[LiveChessVersion "1.4.8"]

1. d4 {[%clk 0:03:04]} Nf6 {[%clk 0:03:03]} 2. c4 {[%clk 0:03:05]} e6
{[%clk 0:03:05]} 3. Nf3 {[%clk 0:03:06]} b6 {[%clk 0:03:02]} 4. Bf4
{[%clk 0:03:06]} Bb7 {[%clk 0:03:02]} 5. e3 {[%clk 0:03:07]} Be7 {[%clk 0:02:58]}
6. Nc3 {[%clk 0:02:58]} c5 {[%clk 0:02:49]} 7. d5 {[%clk 0:02:45]} exd5
{[%clk 0:02:40]} 8. cxd5 {[%clk 0:02:46]} d6 {[%clk 0:02:41]} 9. h3
{[%clk 0:02:29]} O-O {[%clk 0:02:39]} 10. Be2 {[%clk 0:02:30]} Re8
{[%clk 0:02:31]} 11. O-O {[%clk 0:02:30]} Nbd7 {[%clk 0:02:32]} 12. Bh2
{[%clk 0:02:19]} a6 {[%clk 0:02:08]} 13. a4 {[%clk 0:02:20]} Nf8 {[%clk 0:02:03]}
14. Qb3 {[%clk 0:02:20]} Qc7 {[%clk 0:01:43]} 15. Nd2 {[%clk 0:02:20]} Rab8
{[%clk 0:01:31]} 16. Nc4 {[%clk 0:02:16]} Nxd5 {[%clk 0:01:20]} 17. Rad1
{[%clk 0:02:16]} Nxc3 {[%clk 0:01:18]} 18. bxc3 {[%clk 0:02:13]} Red8
{[%clk 0:00:25]} 19. Qxb6 {[%clk 0:02:06]} Qxb6 {[%clk 0:00:24]} 20. Nxb6
{[%clk 0:02:06]} Bxg2 {[%clk 0:00:22]} 21. Nd5 {[%clk 0:02:08]} Bxd5
{[%clk 0:00:22]} 22. Rxd5 {[%clk 0:02:09]} Rb6 {[%clk 0:00:20]} 23. Rfd1
{[%clk 0:02:09]} Ne6 {[%clk 0:00:18]} 24. Bc4 {[%clk 0:02:01]} Nc7
{[%clk 0:00:19]} 25. R5d2 {[%clk 0:02:02]} Bf6 {[%clk 0:00:17]} 26. Rxd6
{[%clk 0:01:59]} Rbxd6 {[%clk 0:00:18]} 27. Rxd6 {[%clk 0:02:00]} Rxd6
{[%clk 0:00:19]} 28. Bxd6 {[%clk 0:02:01]} Ne6 {[%clk 0:00:20]} 29. Bxa6
{[%clk 0:02:01]} Bxc3 {[%clk 0:00:21]} 30. Bc4 {[%clk 0:02:00]} Bb4
{[%clk 0:00:22]} 31. f4 {[%clk 0:01:56]} Nd8 {[%clk 0:00:22]} 32. Bd5
{[%clk 0:01:55]} g6 {[%clk 0:00:17]} 33. Kf2 {[%clk 0:01:52]} Kg7
{[%clk 0:00:18]} 34. Ke2 {[%clk 0:01:48]} f6 {[%clk 0:00:13]} 35. Kd3
{[%clk 0:01:42]} 1-0

[Event "Wroclaw"]
[Site "?"]
[Date "2020.08.27"]
[Round "3.7"]
[White "Jagura Norbert"]
[Black "Fus, Jakub"]
[Result "0-1"]
[BlackElo "2113"]
[WhiteElo "1704"]
[LiveChessVersion "1.4.8"]

1. Nf3 {[%clk 0:03:01]} d5 {[%clk 0:03:03]} 2. d4 {[%clk 0:03:02]} Nf6
{[%clk 0:03:04]} 3. e3 {[%clk 0:03:02]} c6 {[%clk 0:03:02]} 4. c4
{[%clk 0:03:03]} Bf5 {[%clk 0:03:03]} 5. Nc3 {[%clk 0:03:00]} e6 {[%clk 0:03:04]}
6. cxd5 {[%clk 0:02:55]} exd5 {[%clk 0:03:03]} 7. Bd3 {[%clk 0:02:51]} Bxd3
{[%clk 0:03:02]} 8. Qxd3 {[%clk 0:02:51]} Bd6 {[%clk 0:03:02]} 9. O-O
{[%clk 0:02:51]} O-O {[%clk 0:03:02]} 10. a3 {[%clk 0:02:49]} a5 {[%clk 0:03:02]}
11. b3 {[%clk 0:02:30]} Nbd7 {[%clk 0:02:59]} 12. Bb2 {[%clk 0:02:28]} Re8
{[%clk 0:03:00]} 13. Qc2 {[%clk 0:01:39]} Qe7 {[%clk 0:02:56]} 14. h3
{[%clk 0:01:31]} Rec8 {[%clk 0:02:34]} 15. Rfd1 {[%clk 0:01:06]} b5
{[%clk 0:02:30]} 16. a4 {[%clk 0:00:53]} b4 {[%clk 0:02:09]} 17. Ne2
{[%clk 0:00:37]} Ne4 {[%clk 0:02:10]} 18. Nd2 {[%clk 0:00:31]} f5
{[%clk 0:02:06]} 19. Nxe4 {[%clk 0:00:24]} fxe4 {[%clk 0:02:07]} 20. Rac1
{[%clk 0:00:15]} Rc7 {[%clk 0:02:08]} 21. Qd2 {[%clk 0:00:15]} Rf8
{[%clk 0:02:08]} 22. Rf1 {[%clk 0:00:14]} Qg5 {[%clk 0:02:06]} 23. Rc2
{[%clk 0:00:11]} Rf6 {[%clk 0:01:48]} 24. g3 {[%clk 0:00:04]} Qh5
{[%clk 0:01:44]} 25. Kh2 {[%clk 0:00:03]} Qf3 {[%clk 0:01:11]} 26. Nf4
{[%clk 0:00:03]} g5 {[%clk 0:00:56]} 27. Qe2 {[%clk 0:00:03]} gxf4
{[%clk 0:00:56]} 28. Qxf3 {[%clk 0:00:03]} exf3 {[%clk 0:00:56]} 29. exf4
{[%clk 0:00:04]} Re6 {[%clk 0:00:49]} 30. Rfc1 {[%clk 0:00:05]} Bf8
{[%clk 0:00:44]} 31. Rd1 {[%clk 0:00:05]} Nf6 {[%clk 0:00:44]} 32. Rd3
{[%clk 0:00:06]} Re2 {[%clk 0:00:44]} 33. Rxe2 {[%clk 0:00:04]} fxe2
{[%clk 0:00:45]} 34. Re3 {[%clk 0:00:04]} Re7 {[%clk 0:00:47]} 0-1

[Event "Wroclaw"]
[Site "?"]
[Date "2020.08.27"]
[Round "3.8"]
[White "Kulesza, Andrzej"]
[Black "Lis, Mateusz"]
[Result "1-0"]
[BlackElo "2113"]
[WhiteElo "1749"]
[LiveChessVersion "1.4.8"]

1. e4 {[%clk 0:03:03]} c5 {[%clk 0:03:04]} 2. Nf3 {[%clk 0:03:04]} Nc6
{[%clk 0:03:05]} 3. d4 {[%clk 0:03:05]} cxd4 {[%clk 0:03:05]} 4. Nxd4
{[%clk 0:03:06]} Nf6 {[%clk 0:02:56]} 5. Nc3 {[%clk 0:03:07]} d6 {[%clk 0:02:57]}
6. Bg5 {[%clk 0:03:06]} e6 {[%clk 0:02:58]} 7. f3 {[%clk 0:03:04]} a6
{[%clk 0:02:57]} 8. Qd2 {[%clk 0:03:04]} Bd7 {[%clk 0:02:58]} 9. O-O-O
{[%clk 0:03:03]} h6 {[%clk 0:02:59]} 10. Be3 {[%clk 0:03:02]} h5 {[%clk 0:02:58]}
11. Bg5 {[%clk 0:03:00]} Be7 {[%clk 0:02:51]} 12. Kb1 {[%clk 0:02:59]} b5
{[%clk 0:02:52]} 13. Nxc6 {[%clk 0:02:46]} Bxc6 {[%clk 0:02:53]} 14. h4
{[%clk 0:02:41]} b4 {[%clk 0:02:34]} 15. Ne2 {[%clk 0:02:42]} Qb6
{[%clk 0:02:35]} 16. Nd4 {[%clk 0:02:33]} Bd7 {[%clk 0:01:50]} 17. Be2
{[%clk 0:02:32]} g6 {[%clk 0:01:48]} 18. Nb3 {[%clk 0:02:18]} Ng8
{[%clk 0:01:04]} 19. Bxe7 {[%clk 0:02:05]} Kxe7 {[%clk 0:01:05]} 20. g4
{[%clk 0:01:55]} Nf6 {[%clk 0:00:34]} 21. g5 {[%clk 0:01:49]} Ne8
{[%clk 0:00:35]} 22. f4 {[%clk 0:01:49]} Bc6 {[%clk 0:00:21]} 23. Bf3
{[%clk 0:01:46]} Rd8 {[%clk 0:00:22]} 24. Rhe1 {[%clk 0:01:42]} Nc7
{[%clk 0:00:18]} 25. Qd4 {[%clk 0:01:09]} Qxd4 {[%clk 0:00:18]} 26. Nxd4
{[%clk 0:01:10]} Bb7 {[%clk 0:00:19]} 27. f5 {[%clk 0:01:08]} e5 {[%clk 0:00:12]}
28. f6+ {[%clk 0:01:08]} Kd7 {[%clk 0:00:10]} 29. Nb3 {[%clk 0:01:06]} Kc8
{[%clk 0:00:05]} 30. Kc1 {[%clk 0:01:00]} Ne6 {[%clk 0:00:06]} 31. Rd2
{[%clk 0:00:54]} Nf4 {[%clk 0:00:07]} 32. Red1 {[%clk 0:00:49]} Kc7
{[%clk 0:00:09]} 33. Na5 Ba8 34. Nc4 {[%clk 0:00:46]} Rd7 {[%clk 0:00:06]} 35.
Nxe5 {[%clk 0:00:40]} Rdd8 {[%clk 0:00:05]} 36. Nxf7 {[%clk 0:00:41]} Rdf8
{[%clk 0:00:05]} 37. Nxh8 {[%clk 0:00:41]} Rxh8 {[%clk 0:00:07]} 38. Rxd6
{[%clk 0:00:42]} Re8 {[%clk 0:00:07]} 39. Rd7+ {[%clk 0:00:41]} Kb6
{[%clk 0:00:09]} 40. f7 {[%clk 0:00:42]} Rf8 {[%clk 0:00:10]} 41. R1d6+ Bc6 42.
e5 {[%clk 0:00:40]} 1-0

[Event "Wroclaw"]
[Site "?"]
[Date "2020.08.27"]
[Round "3.9"]
[White "Dytman, Radoslaw"]
[Black "Wierzbicki, Michal"]
[Result "0-1"]
[BlackElo "1681"]
[WhiteElo "1924"]
[LiveChessVersion "1.4.8"]

1. c4 {[%clk 0:03:03]} e6 {[%clk 0:03:03]} 2. Nc3 {[%clk 0:03:03]} d5
{[%clk 0:03:03]} 3. cxd5 {[%clk 0:03:04]} exd5 {[%clk 0:03:04]} 4. d4
{[%clk 0:03:05]} c6 {[%clk 0:02:53]} 5. Nf3 {[%clk 0:03:04]} Nf6 {[%clk 0:02:44]}
6. Bf4 {[%clk 0:03:04]} Bd6 {[%clk 0:02:42]} 7. Qd2 {[%clk 0:02:55]} Bf5
{[%clk 0:01:57]} 8. Bxd6 {[%clk 0:02:43]} Qxd6 {[%clk 0:01:58]} 9. e3
{[%clk 0:02:43]} Nbd7 {[%clk 0:01:54]} 10. Bd3 {[%clk 0:02:36]} Bxd3
{[%clk 0:01:50]} 11. Qxd3 {[%clk 0:02:36]} O-O {[%clk 0:01:46]} 12. O-O
{[%clk 0:02:35]} Rfe8 {[%clk 0:01:44]} 13. Nd2 {[%clk 0:02:24]} Ng4
{[%clk 0:01:38]} 14. Nf3 {[%clk 0:02:09]} Re7 {[%clk 0:00:55]} 15. h3
{[%clk 0:02:07]} Ngf6 {[%clk 0:00:57]} 16. a3 {[%clk 0:02:08]} Ne4
{[%clk 0:00:57]} 17. b4 {[%clk 0:01:55]} a6 {[%clk 0:00:52]} 18. Nd2
{[%clk 0:01:46]} f5 {[%clk 0:00:35]} 19. Rac1 {[%clk 0:01:39]} Rf8
{[%clk 0:00:36]} 20. Ne2 {[%clk 0:01:07]} Rf6 {[%clk 0:00:25]} 21. Nb3
{[%clk 0:00:59]} Rh6 {[%clk 0:00:20]} 22. Nc5 {[%clk 0:00:53]} Ndf6
{[%clk 0:00:19]} 23. f3 {[%clk 0:00:33]} Nxc5 {[%clk 0:00:14]} 24. dxc5
{[%clk 0:00:24]} Qe5 {[%clk 0:00:15]} 25. Nd4 {[%clk 0:00:25]} g6
{[%clk 0:00:12]} 26. Rce1 {[%clk 0:00:26]} Nh5 {[%clk 0:00:12]} 27. a4
{[%clk 0:00:18]} Ng3 {[%clk 0:00:13]} 28. Rf2 {[%clk 0:00:18]} g5
{[%clk 0:00:15]} 29. b5 {[%clk 0:00:19]} axb5 {[%clk 0:00:16]} 30. axb5
{[%clk 0:00:20]} f4 {[%clk 0:00:13]} 31. e4 {[%clk 0:00:13]} dxe4
{[%clk 0:00:14]} 32. fxe4 {[%clk 0:00:14]} Rd7 {[%clk 0:00:14]} 33. Qb3+
{[%clk 0:00:10]} Kh8 {[%clk 0:00:11]} 34. Nf3 {[%clk 0:00:10]} Qe7
{[%clk 0:00:08]} 35. bxc6 {[%clk 0:00:09]} bxc6 36. Qb8+ {[%clk 0:00:07]} Kg7
{[%clk 0:00:11]} 37. Qe5+ {[%clk 0:00:05]} Qxe5 {[%clk 0:00:10]} 38. Nxe5
{[%clk 0:00:06]} Re7 {[%clk 0:00:12]} 39. Nxc6 {[%clk 0:00:07]} Rxc6
{[%clk 0:00:13]} 40. Ra2 {[%clk 0:00:07]} Rxc5 {[%clk 0:00:11]} 41. Ra4
{[%clk 0:00:09]} Rce5 {[%clk 0:00:12]} 42. Ra6 {[%clk 0:00:07]} Rxe4
{[%clk 0:00:12]} 43. Rxe4 {[%clk 0:00:04]} Rxe4 {[%clk 0:00:13]} 44. Rb6 Re1+
{[%clk 0:00:13]} 45. Kf2 {[%clk 0:00:06]} Rf1# {[%clk 0:00:14]} 0-1